<?xml version="1.0" encoding="UTF-8"?>
<marc:record xmlns:marc="http://www.loc.gov/MARC21/slim">
   <marc:leader>00000nam a2200000 a 4500</marc:leader>
   <marc:datafield ind1="1" ind2=" " tag="100">
      <marc:subfield code="a">Roy, Arundhati</marc:subfield>
      <marc:subfield code="4">aut</marc:subfield>
      <marc:subfield code="e">Verfasser/-in</marc:subfield>
   </marc:datafield>
   <marc:datafield ind1=" " ind2=" " tag="653">
      <marc:subfield code="a">Indien</marc:subfield>
   </marc:datafield>
   <marc:datafield ind1=" " ind2=" " tag="653">
      <marc:subfield code="a">Politik</marc:subfield>
   </marc:datafield>
   <marc:datafield ind1="0" ind2="0" tag="245">
      <marc:subfield code="a">Das Ende der Illusion</marc:subfield>
   </marc:datafield>
   <marc:datafield ind1="0" ind2="0" tag="245">
      <marc:subfield code="b">Politische Einmischungen</marc:subfield>
   </marc:datafield>
   <marc:datafield ind1=" " ind2="1" tag="264">
      <marc:subfield code="b">Blessing</marc:subfield>
      <marc:subfield code="c">1999</marc:subfield>
   </marc:datafield>
   <marc:datafield ind1="1" ind2=" " tag="520">
      <marc:subfield code="a">"Vielleicht haben wir als Nation unser Kontingent an Helden für dieses Jahrhundert erschöpft. Aber während wir auf neue, strahlende Helden warten, müssen wir den Schaden begrenzen. Wir müssen unsere kleinen Helden fördern.  Wer weiß, vielleicht ist es das, was das 21. Jahrhundert für uns auf Lager hat: die Demontage des Großen. Großer Bomben, großer Staudämme, großer Ideologien, großer Widersprüche, großer Länder, großer Kriege, großer Helden, großer Fehler, Vielleicht wird es das Jahrhundert der kleinen Dinge sein. Vielleicht macht sich gerade jetzt, in diesem Augenblick, droben im Himmel ein kleiner Gott für uns bereit."</marc:subfield>
   </marc:datafield>
   <marc:datafield ind1="3" ind2=" " tag="024">
      <marc:subfield code="a">9783896671387</marc:subfield>
   </marc:datafield>
</marc:record>
